[Event "Let's Play Chess!"]
[Site "http://www.queenalice.com/game.php?id=1758686"]
[Date "2021.5.8"]
[Round "-"]
[White "Henriquesquilache"]
[Black "charles31"]
[Result "1-0"]
[WhiteElo "2043"]
[BlackElo "1720"]

1. e4 e5 2. Nf3 d6 3. Bc4 h6 4. Nc3 a6 5. O-O Bg4 6. h3 Bh5 7. Re1 Nf6 8. Nd5 c6
9. Nxf6+ Qxf6 10. Be2 Nd7 11. c3 g5 12. d4 exd4 13. cxd4 Qg6 14. Bd3 Rg8 15. g4
Bxg4 16. hxg4 Nf6 17. e5 Qg7 18. exf6+ 1-0

[Event "Let's Play Chess!"]
[Site "http://www.queenalice.com/game.php?id=1759034"]
[Date "2021.5.9"]
[Round "-"]
[White "igorjava"]
[Black "Henriquesquilache"]
[Result "0-1"]
[WhiteElo "2053"]
[BlackElo "2058"]

1. e4 c5 2. Nf3 Nc6 3. d4 cxd4 4. Nxd4 d6 5. c4 g6 6. Nxc6 bxc6 7. Nc3 Bg7 8.
Qd3 Nf6 9. Be2 Ba6 10. Bd2 O-O 11. Qf3 Nd7 12. Bd3 Ne5 13. Qe2 Qb6 14. Rb1 Qd4
15. Bc2 Bxc4 16. Qd1 Nd3+ 17. Bxd3 Bxd3 18. Be3 Qc4 19. Rc1 Bxe4 20. Nxe4 Qxe4
21. O-O Bxb2 22. Rb1 Be5 23. Qd2 Rab8 24. Rb3 c5 25. Rfb1 Qxb1+ 26. Rxb1 Rxb1+
27. Qc1 Rfb8 0-1

[Event "Let's Play Chess!"]
[Site "http://www.queenalice.com/game.php?id=1759035"]
[Date "2021.5.11"]
[Round "-"]
[White "Henriquesquilache"]
[Black "igorjava"]
[Result "1-0"]
[WhiteElo "1759"]
[BlackElo "1965"]

1. e4 c5 2. Nf3 d6 3. Bc4 Nf6 4. d3 a6 5. a4 Bg4 6. h3 Bh5 7. Nbd2 Nc6 8. Ba2 e6
9. O-O Nd4 10. Re1 Be7 11. c3 Nc6 12. b3 O-O 13. Bb2 Ne5 14. Re3 Nfd7 15. d4 Nc6
16. Nf1 Bf6 17. Ng3 Bg6 18. d5 exd5 19. exd5 Ne7 20. Rb1 Bxb1 21. Bxb1 Nb6 22.
Qc2 g6 23. c4 Nd7 24. Bc1 Ne5 25. Ne4 Bg7 26. Nxe5 Bxe5 27. Nxc5 Bd4 28. Nxb7
Qb6 29. Rxe7 Rab8 30. Qd2 Bf6 31. Re4 Rxb7 32. Bc2 Bg7 33. Qf4 Qd8 34. Qg3 Be5
35. Qe3 f5 36. Rxe5 dxe5 37. Qxe5 Re7 38. Qc3 Ref7 39. Bb2 Qf6 40. Qxf6 Rxf6 41.
Bxf6 Rxf6 42. b4 Kf7 43. c5 Ke7 44. Bd3 Kd7 45. c6+ Kd6 46. Bxa6 Kxd5 47. c7 1-0

[Event "Let's Play Chess!"]
[Site "http://www.queenalice.com/game.php?id=1759237"]
[Date "2021.5.12"]
[Round "-"]
[White "charles31"]
[Black "Henriquesquilache"]
[Result "1-0"]
[WhiteElo "1736"]
[BlackElo "2013"]

1. e4 c5 2. Bc4 e6 3. Nf3 Nc6 4. a3 d5 5. exd5 exd5 6. Ba2 Nf6 7. h3 b6 8. d3 g6
9. Bg5 Be6 10. Qe2 Bg7 11. Nbd2 O-O 12. g4 Re8 13. O-O-O a5 14. Nh2 Bxg4 15. Qf1
1-0

[Event "Let's Play Chess!"]
[Site "http://www.queenalice.com/game.php?id=1759238"]
[Date "2021.5.13"]
[Round "-"]
[White "Henriquesquilache"]
[Black "charles31"]
[Result "0-1"]
[WhiteElo "1928"]
[BlackElo "1763"]

1. d4 d5 2. c4 dxc4 3. e3 b5 4. a4 c6 5. Nc3 Qa5 6. Bd2 Qb6 7. Qf3 Bb7 8. axb5
cxb5 9. Qf5 e6 10. Qxb5+ Qxb5 11. Nxb5 Kd7 12. f3 Bd5 13. e4 Bc6 14. Bxc4 h6 0-1

[Event "Let's Play Chess!"]
[Site "http://www.queenalice.com/game.php?id=1759339"]
[Date "2021.5.13"]
[Round "-"]
[White "donadama"]
[Black "Henriquesquilache"]
[Result "0-1"]
[WhiteElo "1718"]
[BlackElo "1861"]

1. d4 d5 2. Nf3 Nf6 3. c4 e6 4. e3 Bd6 5. a3 O-O 6. Bd3 dxc4 7. Bxc4 b6 8. Nc3
Bb7 9. Be2 a6 10. O-O Re8 11. e4 Nxe4 12. Nxe4 Bxe4 13. Ng5 Bg6 14. Bh5 Be7 15.
h4 Nc6 16. Bg4 Qxd4 17. Qxd4 Nxd4 18. h5 Bc2 19. Nf3 Ne2+ 20. Kh1 Bd3 0-1

[Event "Let's Play Chess!"]
[Site "http://www.queenalice.com/game.php?id=1759342"]
[Date "2021.5.13"]
[Round "-"]
[White "Henriquesquilache"]
[Black "donadama"]
[Result "1-0"]
[WhiteElo "1500"]
[BlackElo "1821"]

1. e4 c5 2. Nf3 e6 3. b3 a6 4. Bb2 Nf6 5. Nc3 Be7 6. Be2 b5 7. e5 Nh5 8. O-O Nf4
9. a4 Nxe2+ 10. Qxe2 b4 11. Ne4 Bb7 12. Qc4 Qc7 13. d4 a5 14. dxc5 Ba6 15. Nd6+
Bxd6 16. exd6 Qc6 17. Qh4 Bxf1 18. Qe7# 1-0

[Event "Let's Play Chess!"]
[Site "http://www.queenalice.com/game.php?id=1759350"]
[Date "2021.5.13"]
[Round "-"]
[White "Henriquesquilache"]
[Black "bobifixer"]
[Result "1-0"]
[WhiteElo "1800"]
[BlackElo "1975"]

1. e4 c5 2. Nf3 d6 3. c3 Nc6 4. Bc4 e6 5. O-O Nf6 6. Re1 Be7 7. Bb3 O-O 8. h3 b5
9. d4 cxd4 10. cxd4 Bb7 11. Nc3 a6 12. Bf4 Rc8 13. Qd3 Re8 14. a3 Bf8 15. Bc2 g6
16. e5 dxe5 17. dxe5 Nd7 18. Rad1 Qc7 19. Qxd7 Qb8 20. Be3 Rc7 21. Qd2 Na5 22.
Nh2 Nc4 23. Qc1 Nxe3 24. Qxe3 Rec8 25. Rd3 Bc5 26. Qd2 h5 27. Bb3 Bf8 28. Rg3
Kh7 29. Nf3 Bh6 30. Qd3 Rd8 31. Qc2 Bd5 32. Rd1 Bf4 33. Bxd5 Rxd5 34. Ng5+ Bxg5
35. Rxg5 Rxd1+ 36. Qxd1 Rc5 37. Qd7 Kg7 38. Rg3 Qxe5 39. Re3 Qf5 40. Rf3 Qe5 41.
Qxf7+ Kh6 42. Qf8+ 1-0

[Event "Let's Play Chess!"]
[Site "http://www.queenalice.com/game.php?id=1759351"]
[Date "2021.5.13"]
[Round "-"]
[White "bobifixer"]
[Black "Henriquesquilache"]
[Result "1-0"]
[WhiteElo "2042"]
[BlackElo "1769"]

1. c4 Nf6 2. Nf3 g6 3. g3 Bg7 4. Bg2 O-O 5. O-O d5 6. cxd5 Nxd5 7. d4 Nc6 8. Nc3
Nb6 9. e3 Bg4 10. a3 Qd7 11. Qc2 a6 12. b4 Bh3 13. Bb2 Bxg2 14. Kxg2 e6 15. Rac1
Nc4 16. Ne4 Qd5 17. Nc5 b6 18. Nxe6 fxe6 19. Qxc4 Qxf3+ 20. Kg1 1-0

[Event "Let's Play Chess!"]
[Site "http://www.queenalice.com/game.php?id=1759465"]
[Date "2021.5.15"]
[Round "-"]
[White "Henriquesquilache"]
[Black "Olavio"]
[Result "0-1"]
[WhiteElo "1828"]
[BlackElo "1869"]

1. e4 e5 2. Nf3 Nc6 3. Bb5 Qf6 4. c3 Bc5 5. O-O Nge7 6. d3 a6 7. Ba4 b5 8. Bc2
Bb7 9. a4 b4 10. Re1 a5 11. Be3 Bxe3 12. Rxe3 Ng6 13. Nbd2 Nf4 14. Bb3 Qg6 15.
Nh4 Qg5 16. Ndf3 Qf6 17. Nf5 h5 18. d4 h4 19. dxe5 Nxe5 20. Nxe5 Qxe5 21. f3 Rh5
22. Qd4 Qxd4 23. cxd4 Rg5 0-1

[Event "Let's Play Chess!"]
[Site "http://www.queenalice.com/game.php?id=1759466"]
[Date "2021.5.15"]
[Round "-"]
[White "Reflejo17"]
[Black "Henriquesquilache"]
[Result "0-1"]
[WhiteElo "1112"]
[BlackElo "1759"]

1. e3 Nf6 2. b4 e6 3. g3 Bxb4 4. c3 Ba5 5. d4 Ne4 6. d5 Nxc3 7. Nxc3 Bxc3+ 8.
Bd2 Bxa1 9. Qxa1 O-O 10. h4 b6 11. h5 Bb7 12. Rh4 d6 13. Rg4 e5 14. f4 Nd7 15.
fxe5 Nxe5 16. Rg5 Qxg5 17. Ne2 Bxd5 18. Nf4 Qxg3+ 19. Kd1 Qg1 20. Kc2 Be4+ 21.
Kc3 b5 22. Nh3 Qh2 23. a4 b4+ 24. Kxb4 Qxd2+ 25. Qc3 Nc6+ 26. Kc4 Ne5+ 27. Kb3
Rab8+ 28. Bb5 Bd5+ 29. Kb4 a5+ 30. Kxa5 Qxc3+ 31. Ka6 Ra8# 0-1

[Event "Let's Play Chess!"]
[Site "http://www.queenalice.com/game.php?id=1759474"]
[Date "2021.5.15"]
[Round "-"]
[White "Olavio"]
[Black "Henriquesquilache"]
[Result "1-0"]
[WhiteElo "1883"]
[BlackElo "1795"]

1. e4 c5 2. Nf3 Nf6 3. Nc3 g6 4. d4 cxd4 5. Nxd4 Nc6 6. Be3 Bg7 7. Be2 d5 8.
Nxc6 bxc6 9. e5 Nd7 10. f4 a5 11. Na4 Rb8 12. Rb1 Rb4 13. b3 Re4 14. Qd3 Nxe5
15. fxe5 Bf5 16. Qc3 O-O 17. Bd4 Bg4 18. O-O Bxe2 19. Rf2 Bb5 20. Nc5 Rg4 21. a4
e6 22. axb5 cxb5 23. Rbf1 1-0

[Event "Let's Play Chess!"]
[Site "http://www.queenalice.com/game.php?id=1759640"]
[Date "2021.5.16"]
[Round "-"]
[White "ulisses34"]
[Black "Henriquesquilache"]
[Result "1-0"]
[WhiteElo "1746"]
[BlackElo "2124"]

1. e4 e6 2. d3 d5 3. c3 b6 4. Nf3 Bb7 5. Be2 dxe4 6. dxe4 Qxd1+ 7. Bxd1 Bxe4 8.
Nbd2 Bd5 9. c4 Bb7 10. Ba4+ Nd7 11. O-O O-O-O 12. Nd4 Nc5 13. Nc6 1-0

[Event "Let's Play Chess!"]
[Site "http://www.queenalice.com/game.php?id=1759711"]
[Date "2021.5.17"]
[Round "-"]
[White "Henriquesquilache"]
[Black "donadama"]
[Result "0-1"]
[WhiteElo "1866"]
[BlackElo "1888"]

1. d4 d5 2. Nf3 Nf6 3. Bf4 e6 4. e3 Bd6 5. Bg5 O-O 6. Bd3 c5 7. e4 Be7 8. dxc5
dxe4 9. Bxf6 Bxf6 10. c3 Qxd3 11. Qxd3 exd3 12. Nbd2 e5 13. O-O-O Bf5 14. h3 e4
15. g4 Bg6 16. Nd4 Bg5 17. h4 Bxd2+ 18. Kxd2 h6 19. Nb5 Nc6 20. Rdf1 Ne5 21. Nd4
Rac8 22. g5 Nc4+ 23. Kc1 e3 24. gxh6 d2+ 0-1

[Event "Let's Play Chess!"]
[Site "http://www.queenalice.com/game.php?id=1759712"]
[Date "2021.5.17"]
[Round "-"]
[White "donadama"]
[Black "Henriquesquilache"]
[Result "0-1"]
[WhiteElo "1933"]
[BlackElo "1946"]

1. d4 d5 2. c4 e6 3. Nf3 Nf6 4. Bg5 h6 5. Bh4 Be7 6. e3 O-O 7. Nc3 b6 8. Be2 Bb7
9. cxd5 Nxd5 10. Bxe7 Nxe7 11. Rc1 Nf5 12. Nb5 a6 13. Nc3 Qf6 14. O-O Nd7 15.
Nd2 Nh4 16. g3 Nf5 17. Qc2 Rfd8 18. e4 Nxd4 19. Qd1 Nc5 20. f4 Rd7 0-1

[Event "Let's Play Chess!"]
[Site "http://www.queenalice.com/game.php?id=1768992"]
[Date "2021.9.7"]
[Round "-"]
[White "Henriquesquilache"]
[Black "bobifixer"]
[Result "0-1"]
[WhiteElo "1800"]
[BlackElo "2013"]

1. e4 c5 2. Nf3 d6 3. d4 cxd4 4. Qxd4 Nc6 5. Qd1 Nf6 6. Nc3 e6 7. Bd3 Be7 8. O-O
O-O 9. Re1 a6 10. e5 dxe5 11. b3 b5 12. Nxe5 Nxe5 13. Rxe5 Bb7 14. Bb2 Qc7 15.
Qe2 Bd6 16. Ne4 Bxe4 17. Bxe4 Bxe5 18. Bxe5 Qc5 19. Bxa8 Rxa8 20. Bxf6 gxf6 21.
c4 bxc4 22. Qxc4 Qe5 23. Rd1 Ra7 24. h3 Kg7 25. Rd3 Qe1+ 26. Kh2 Qxf2 27. Qg4+
Kf8 28. Qb4+ Ke8 29. Qb8+ Ke7 0-1

[Event "Let's Play Chess!"]
[Site "http://www.queenalice.com/game.php?id=1768993"]
[Date "2021.9.7"]
[Round "-"]
[White "bobifixer"]
[Black "Henriquesquilache"]
[Result "1-0"]
[WhiteElo "1999"]
[BlackElo "1812"]

1. c4 d5 2. cxd5 Qxd5 3. Nf3 Nf6 4. Nc3 Qd8 5. d4 e6 6. Bg5 Be7 7. g3 O-O 8. Bg2
Nc6 9. O-O Rb8 10. a3 b6 11. b4 Nd5 12. Nxd5 exd5 13. Bxe7 Nxe7 14. Ne5 Ng6 15.
Nc6 Qf6 16. Nxb8 1-0

[Event "Let's Play Chess!"]
[Site "http://www.queenalice.com/game.php?id=1775777"]
[Date "2021.11.28"]
[Round "-"]
[White "Capixaba789"]
[Black "Henriquesquilache"]
[Result "1-0"]
[WhiteElo "1537"]
[BlackElo "1790"]

1. e3 d5 2. Nf3 c5 3. d4 e6 4. Be2 Nf6 5. dxc5 Bxc5 6. Nc3 O-O 7. Bd2 Nc6 8. O-O
a6 9. a3 b5 10. b4 Bd6 11. Nd4 Bb7 12. Bf3 1-0

[Event "Let's Play Chess!"]
[Site "http://www.queenalice.com/game.php?id=1775778"]
[Date "2021.11.28"]
[Round "-"]
[White "Henriquesquilache"]
[Black "Capixaba789"]
[Result "0-1"]
[WhiteElo "1758"]
[BlackElo "1563"]

1. e4 e5 2. Nf3 d6 3. Bc4 Be7 4. O-O Nf6 5. Re1 c6 6. c3 b5 7. Bb3 a5 8. a4 b4
9. d4 exd4 10. cxd4 Na6 11. Nbd2 Bb7 0-1